[Event "España ch 2008 sub 18"]
[Site "Padrón ESP"]
[Date "2008.08.01"]
[Round "8.1"]
[White "Salgado Lopez, Ivan"]
[Black "Alonso Rosell, Alvar"]
[Result "1-0"]
[WhiteElo "2532"]
[BlackElo "2393"]
[PlyCount "69"]
[EventDate "2008.07.27"]
[EventType "swiss"]
[EventRounds "9"]
[EventCountry "ESP"]
[Source "lmi"]
[SourceDate "2008.07.27"]

1. e4 c5 2. Nf3 Nc6 3. d4 cxd4 4. Nxd4 e5 5. Nb5 a6 6. Nd6+ Bxd6 7. Qxd6 Qf6 8.
Qd1 Qg6 9. Nc3 d5 10. Nxd5 Qxe4+ 11. Be3 Nd4 12. Nc7+ Ke7 13. Rc1 Bg4 14. Qd3
Qxd3 15. Bxd3 Rd8 16. h3 Bh5 17. f4 Kd6 18. Nxa6 bxa6 19. g4 Bg6 20. f5 Nf6 21.
c3 Nc6 22. Bxa6 Kc7 23. Ke2 Ra8 24. Bc4 Ne4 25. Rhg1 Nd6 26. Bd5 f6 27. fxg6
hxg6 28. Rg3 Ra5 29. Rd1 Ne7 30. Be6 Ne4 31. Rf3 Kc6 32. Bc1 Nd5 33. c4 Nb6 34.
a3 Ra7 35. Rb3 1-0

[Event "España ch 2008 sub 18"]
[Site "Padrón ESP"]
[Date "2008.08.01"]
[Round "8.2"]
[White "Recuero Guerra, David"]
[Black "Gago Padreny, Ignacio"]
[Result "1-0"]
[WhiteElo "2417"]
[BlackElo "2169"]
[PlyCount "57"]
[EventDate "2008.07.27"]
[EventType "swiss"]
[EventRounds "9"]
[EventCountry "ESP"]
[Source "lmi"]
[SourceDate "2008.07.27"]

1. e4 c5 2. Nf3 e6 3. d4 cxd4 4. Nxd4 Nc6 5. Nc3 a6 6. Be3 Nf6 7. f4 Bb4 8. Bd3
Qb6 9. Nf5 Qa5 10. Nxg7+ Kf8 11. Bd2 Kxg7 12. a3 Be7 13. Nd5 Qd8 14. Nxe7 Qxe7
15. e5 Nd5 16. c4 Nc7 17. Qh5 h6 18. O-O Kf8 19. f5 Qc5+ 20. Kh1 d6 21. exd6
Qxd6 22. fxe6 Bxe6 23. Bc3 Rg8 24. Bh7 Rg4 25. Bg6 Rxc4 26. Bxf7 Ke7 27. Bxe6
Nxe6 28. Qf7+ Kd8 29. Rad1 1-0

[Event "España ch 2008 sub 18"]
[Site "Padrón ESP"]
[Date "2008.08.01"]
[Round "8.3"]
[White "Senlle Caride, Miguel"]
[Black "Vila Gazquez, Xavier"]
[Result "0-1"]
[WhiteElo "2289"]
[BlackElo "2419"]
[PlyCount "42"]
[EventDate "2008.07.27"]
[EventType "swiss"]
[EventRounds "9"]
[EventCountry "ESP"]
[Source "lmi"]
[SourceDate "2008.07.27"]

1. e4 d5 2. exd5 Qxd5 3. Nf3 Nf6 4. Be2 Nc6 5. d4 Bg4 6. O-O O-O-O 7. Be3 Qh5
8. h3 e5 9. hxg4 Nxg4 10. Nh4 f5 11. Bxg4 fxg4 12. Qd3 exd4 13. Qf5+ Qxf5 14.
Nxf5 dxe3 15. Nxe3 h5 16. Nc3 Bc5 17. Rae1 Rd2 18. Nf5 Rxc2 19. Ne4 Bb6 20.
Nxg7 Rxb2 21. a4 h4 0-1

[Event "España ch 2008 sub 18"]
[Site "Padrón ESP"]
[Date "2008.08.01"]
[Round "8.5"]
[White "Varona Poncela, Tomas"]
[Black "Rubio Mejia, Luis Ignacio"]
[Result "1/2-1/2"]
[WhiteElo "2064"]
[BlackElo "2386"]
[PlyCount "181"]
[EventDate "2008.07.27"]
[EventType "swiss"]
[EventRounds "9"]
[EventCountry "ESP"]
[Source "lmi"]
[SourceDate "2008.07.27"]

1. f4 d5 2. Nf3 g6 3. e3 Bg7 4. d4 Nh6 5. Bd3 Bf5 6. Nc3 O-O 7. O-O Na6 8. Ne2
Rc8 9. Ng3 Bxd3 10. Qxd3 c5 11. c3 Nb8 12. Ng5 e6 13. Rf3 Nf5 14. Ne2 h6 15.
Nh3 Nd7 16. Nf2 Nd6 17. Bd2 Nf6 18. Ng3 Qb6 19. b3 a6 20. Kh1 Rc6 21. Rg1 Qb5
22. Qb1 cxd4 23. exd4 Rfc8 24. a4 Qb6 25. Ne2 Nfe4 26. Be1 Nxf2+ 27. Bxf2 Ne4
28. Be1 Qc7 29. Qd3 f5 30. g4 Qf7 31. h4 Nf6 32. g5 hxg5 33. hxg5 Ne4 34. Kg2
Qc7 35. Rh1 Kf7 36. Rfh3 Kg8 37. Rh7 Nxc3 38. Nxc3 Rxc3 39. Bxc3 Qxc3 40. Qxc3
Rxc3 41. R7h3 Rc2+ 42. Kf1 Bxd4 43. R1h2 Rc1+ 44. Ke2 Bg7 45. Rd3 d4 46. Kf3
Kf7 47. Re2 Ke7 48. Rh2 Kd6 49. Rh7 Rc7 50. Rxg7 Rxg7 51. Rxd4+ Kc7 52. Rc4+
Kd8 53. Ke3 Rc7 54. Rb4 Ke7 55. Kd4 Rd7+ 56. Kc5 Kd8 57. Kb6 Kc8 58. Rc4+ Kb8
59. Rb4 Rd5 60. Rc4 e5 61. fxe5 Rxe5 62. Rh4 Re6+ 63. Kc5 Ka7 64. Kd5 Re3 65.
Rh6 Rxb3 66. Rxg6 Rb4 67. Rf6 Rxa4 68. Rxf5 Rg4 69. Ke6 b5 70. Kd5 Kb6 71. Rf6+
Ka5 72. g6 b4 73. Kc5 b3 74. Rf1 b2 75. Rb1 Rxg6 76. Rxb2 Rg5+ 77. Kc4 Rg4+ 78.
Kb3 Rg3+ 79. Ka2 Ka4 80. Rf2 Ra3+ 81. Kb2 Rb3+ 82. Ka2 Rb4 83. Rf3 a5 84. Rh3
Rg4 85. Rf3 Rg2+ 86. Ka1 Kb4 87. Rh3 Rg4 88. Ka2 a4 89. Rf3 Rg2+ 90. Ka1 a3 91.
Rf8 1/2-1/2

[Event "España ch 2008 sub 18"]
[Site "Padrón ESP"]
[Date "2008.08.01"]
[Round "8.6"]
[White "Moreno Gracia, Daniel"]
[Black "Fernandez Borrego, Pablo"]
[Result "0-1"]
[WhiteElo "2292"]
[BlackElo "2229"]
[PlyCount "86"]
[EventDate "2008.07.27"]
[EventType "swiss"]
[EventRounds "9"]
[EventCountry "ESP"]
[Source "lmi"]
[SourceDate "2008.07.27"]

1. c4 e6 2. g3 d5 3. d4 Nf6 4. Bg2 Be7 5. Nf3 O-O 6. O-O dxc4 7. Qc2 a6 8. a4
Bd7 9. Nbd2 Bc6 10. Qxc4 Nbd7 11. Rd1 Bd5 12. Qc2 c5 13. e4 Bc6 14. dxc5 Bxc5
15. b4 Bxb4 16. Nd4 Rc8 17. Nxc6 Rxc6 18. Qb3 Bc5 19. e5 Rb6 20. Qa2 Nxe5 21.
Bb2 Bxf2+ 22. Kh1 Rxb2 23. Qxb2 Bd4 24. Qc2 Bxa1 25. Rxa1 Neg4 26. Bxb7 Qb6 27.
Qb3 Qd4 28. Ra2 Rd8 29. Nf3 Qc5 30. Bxa6 Qc1+ 31. Kg2 g5 32. Re2 Nd5 33. Re1
Nde3+ 34. Kh1 Rd1 35. Qb8+ Kg7 36. Qb4 Nf2+ 37. Kg1 Nh3+ 38. Kh1 Qc2 39. Bf1
Nxf1 40. Rxd1 Qxd1 41. Qb2+ f6 42. Qb7+ Kh6 43. Kg2 Ne3+ 0-1

[Event "España ch 2008 sub 18"]
[Site "Padrón ESP"]
[Date "2008.08.01"]
[Round "8.7"]
[White "Robles Garcia, Claudia"]
[Black "Garcia Blanco, Omar"]
[Result "0-1"]
[WhiteElo "2256"]
[BlackElo "2169"]
[PlyCount "114"]
[EventDate "2008.07.27"]
[EventType "swiss"]
[EventRounds "9"]
[EventCountry "ESP"]
[Source "lmi"]
[SourceDate "2008.07.27"]

1. e4 e5 2. Nf3 Nc6 3. Bb5 Nf6 4. d3 d6 5. O-O Bd7 6. Re1 g6 7. d4 Bg7 8. d5
Ne7 9. Bxd7+ Nxd7 10. c4 O-O 11. Be3 h6 12. Nfd2 f5 13. f3 f4 14. Bf2 g5 15.
Nc3 a5 16. a3 b6 17. b4 Ng6 18. Nb5 Rf7 19. Nb3 Bf8 20. Qd2 a4 21. Nc1 Rg7 22.
Nd3 h5 23. Qd1 Nf6 24. Kh1 g4 25. Ra2 Qd7 26. Nc3 Be7 27. b5 Kh7 28. Rg1 Nh8
29. Bh4 Ng8 30. Be1 Nh6 31. Qe2 N8f7 32. Ra1 Ng5 33. Bd2 Rg6 34. Bxf4 gxf3 35.
gxf3 exf4 36. Nxf4 Rgg8 37. Nxh5 Raf8 38. Raf1 Qh3 39. Ng3 Bf6 40. Qd3 Be5 41.
Nce2 Bxg3 42. Nxg3 Rg6 43. f4 Ng4 44. Rg2 Nf7 45. Qe2 Rfg8 46. e5 dxe5 47. f5
Rh6 48. Rfg1 Nxh2 49. Rxh2 Rxg3 50. Rxg3 Qxg3 51. Rxh6+ Nxh6 52. Qc2 Qh3+ 53.
Kg1 Qg4+ 54. Kh1 Qf3+ 55. Kg1 Nxf5 56. Qh2+ Kg6 57. Qxe5 Qe3+ 0-1

[Event "España ch 2008 sub 18"]
[Site "Padrón ESP"]
[Date "2008.08.01"]
[Round "8.8"]
[White "Camacho Collados, Marcos"]
[Black "Hernandez Leon, Alberto"]
[Result "1-0"]
[WhiteElo "2230"]
[BlackElo "2236"]
[PlyCount "63"]
[EventDate "2008.07.27"]
[EventType "swiss"]
[EventRounds "9"]
[EventCountry "ESP"]
[Source "lmi"]
[SourceDate "2008.07.27"]

1. e4 c5 2. Nf3 d6 3. d4 cxd4 4. Nxd4 Nf6 5. Nc3 a6 6. Be2 e5 7. Nb3 Be7 8. O-O
O-O 9. Re1 Be6 10. Bf1 Nbd7 11. Nd5 Nxd5 12. exd5 Bf5 13. a4 Rc8 14. c3 Bg6 15.
a5 Bg5 16. Bxg5 Qxg5 17. Ra4 Nc5 18. Rb4 Bh5 19. Qd2 Qe7 20. c4 f5 21. Nxc5
Rxc5 22. Rb6 Rf6 23. b4 Rc8 24. c5 dxc5 25. d6 Qd7 26. Rxe5 cxb4 27. Re7 Qd8
28. Rbxb7 Bf7 29. d7 Ra8 30. Qxb4 Kh8 31. Rb6 Rxb6 32. Re8+ 1-0

[Event "España ch 2008 sub 18"]
[Site "Padrón ESP"]
[Date "2008.08.01"]
[Round "8.9"]
[White "Arribas Lopez, Angel"]
[Black "Diaz Herrero, Alvaro"]
[Result "1-0"]
[WhiteElo "2332"]
[BlackElo "2034"]
[PlyCount "75"]
[EventDate "2008.07.27"]
[EventType "swiss"]
[EventRounds "9"]
[EventCountry "ESP"]
[Source "lmi"]
[SourceDate "2008.07.27"]

1. e4 c5 2. Ne2 e6 3. Nbc3 a6 4. g3 b5 5. Bg2 Bb7 6. O-O Nc6 7. d3 d6 8. f4 Nf6
9. f5 e5 10. a4 Qb6 11. Kh1 h6 12. Nd5 Nxd5 13. exd5 Nb4 14. a5 Qc7 15. c4 Be7
16. Nc3 Qd8 17. Ne4 Bf6 18. Be3 Rc8 19. Qd2 Be7 20. Bf3 f6 21. Bh5+ Kd7 22. Bf7
Kc7 23. Be6 Ra8 24. Rfc1 Kb8 25. Qc3 bxc4 26. dxc4 Bc8 27. Ra4 Bxe6 28. Rxb4+
cxb4 29. Qxb4+ Kc8 30. fxe6 Rb8 31. Bb6 Rxb6 32. Qxb6 Qxb6 33. axb6 Kb7 34. c5
Rc8 35. Rc3 Rd8 36. cxd6 Bxd6 37. Nxd6+ Rxd6 38. e7 1-0

[Event "España ch 2008 sub 18"]
[Site "Padrón ESP"]
[Date "2008.08.01"]
[Round "8.10"]
[White "Gil Quilez, David"]
[Black "Valmana Canto, Jaime"]
[Result "1-0"]
[WhiteElo "2031"]
[BlackElo "2376"]
[PlyCount "51"]
[EventDate "2008.07.27"]
[EventType "swiss"]
[EventRounds "9"]
[EventCountry "ESP"]
[Source "lmi"]
[SourceDate "2008.07.27"]

1. e4 c5 2. Nf3 Nc6 3. d4 cxd4 4. Nxd4 e5 5. Nb5 d6 6. c4 Be7 7. N1c3 a6 8. Na3
f5 9. g3 Nf6 10. Bg2 O-O 11. O-O Kh8 12. f4 exf4 13. Rxf4 Ng4 14. Nd5 Bg5 15.
Rf1 Be6 16. exf5 Bxd5 17. Qxg4 Qb6+ 18. Rf2 Bxc1 19. Rxc1 Be6 20. c5 Qb4 21.
Qxb4 Nxb4 22. fxe6 Rxf2 23. Kxf2 Nd3+ 24. Ke3 Nxc1 25. cxd6 Kg8 26. Bxb7 1-0

[Event "España ch 2008 sub 18"]
[Site "Padrón ESP"]
[Date "2008.08.01"]
[Round "8.11"]
[White "Torres Ventosa, Pedro Eugenio"]
[Black "Dominguez Pons, Eric"]
[Result "0-1"]
[WhiteElo "2135"]
[BlackElo "2259"]
[PlyCount "122"]
[EventDate "2008.07.27"]
[EventType "swiss"]
[EventRounds "9"]
[EventCountry "ESP"]
[Source "lmi"]
[SourceDate "2008.07.27"]

1. e4 c5 2. Nf3 d6 3. c3 Nf6 4. h3 g6 5. Bd3 Bg7 6. Bc2 e5 7. O-O O-O 8. Re1
Nc6 9. d4 exd4 10. cxd4 Re8 11. dxc5 dxc5 12. Nc3 Be6 13. Be3 Qa5 14. Qe2 Nd7
15. Bd2 Qb6 16. Na4 Qc7 17. Bc3 Nd4 18. Bxd4 cxd4 19. Bd3 Rad8 20. b3 Qa5 21.
Rad1 Ne5 22. Bb1 Nc6 23. Nb2 a6 24. Nd3 Na7 25. b4 Qa3 26. Qd2 Nb5 27. Nc5 Nc3
28. Nxb7 Rb8 29. Nc5 Nxd1 30. Rxd1 Qxb4 31. Qxb4 Rxb4 32. Nxa6 Rb2 33. Nc7 Reb8
34. Bd3 Bxa2 35. e5 Rc8 36. Nb5 Bh6 37. Nbxd4 Rc1 38. Rxc1 Bxc1 39. Be4 Rb8 40.
Nc6 Re8 41. Nb4 Bc4 42. g3 Bb2 43. Nd2 Be6 44. Nd3 Bc3 45. Nf3 Bxh3 46. Ng5 Be6
47. Nc5 Bxe5 48. Ngxe6 fxe6 49. Kg2 Kf7 50. f4 Bd4 51. Nd3 Kf6 52. Kf3 Rc8 53.
Bb7 Rc2 54. Ba6 h5 55. Bb5 e5 56. fxe5+ Bxe5 57. Ba6 g5 58. Nb4 g4+ 59. Ke4 Rc5
60. Nd3 Ra5 61. Bc8 Bxg3 0-1

[Event "España ch 2008 sub 18"]
[Site "Padrón ESP"]
[Date "2008.08.01"]
[Round "8.12"]
[White "De Nacimiento Montano, Antonio"]
[Black "Chueca Forcen, Alberto"]
[Result "0-1"]
[WhiteElo "2045"]
[BlackElo "2254"]
[PlyCount "51"]
[EventDate "2008.07.27"]
[EventType "swiss"]
[EventRounds "9"]
[EventCountry "ESP"]
[Source "lmi"]
[SourceDate "2008.07.27"]

1. e4 c6 2. d4 d5 3. exd5 cxd5 4. c4 Nf6 5. Nc3 g6 6. Nf3 Bg7 7. Be2 O-O 8. O-O
Nc6 9. Ne5 dxc4 10. Nxc6 bxc6 11. Bxc4 Qd6 12. Re1 Ng4 13. g3 Qxd4 14. Qxd4
Bxd4 15. Re2 Ne5 16. Bb3 Ba6 17. Re4 Bd3 18. Bh6 Bxe4 19. Nxe4 Rfd8 20. Kg2 Ng4
21. Bf4 Nf6 22. Nxf6+ Bxf6 23. Rc1 Bxb2 24. Rxc6 Rac8 25. Ra6 Bd4 26. h4 0-1

[Event "España ch 2008 sub 18"]
[Site "Padrón ESP"]
[Date "2008.08.01"]
[Round "8.13"]
[White "Barbero Senidic, Alejandro"]
[Black "Hernandez Munoz, Antonio"]
[Result "1/2-1/2"]
[WhiteElo "2244"]
[BlackElo "2044"]
[PlyCount "90"]
[EventDate "2008.07.27"]
[EventType "swiss"]
[EventRounds "9"]
[EventCountry "ESP"]
[Source "lmi"]
[SourceDate "2008.07.27"]

1. d4 Nf6 2. Nc3 d5 3. Bg5 Nbd7 4. e3 c6 5. Bd3 h6 6. Bxf6 exf6 7. e4 Qa5 8.
exd5 Ba3 9. Qc1 O-O 10. Nge2 Bd6 11. dxc6 bxc6 12. O-O Rb8 13. Ne4 Bc7 14. c3
c5 15. d5 Qb6 16. b3 Ne5 17. Bc2 Re8 18. c4 Ng6 19. f4 f5 20. N4g3 Qf6 21. Qd2
Bd7 22. Rad1 Bd6 23. Rfe1 Re7 24. Qc3 Qxc3 25. Nxc3 Rxe1+ 26. Rxe1 Bxf4 27. Rf1
Be3+ 28. Kh1 f4 29. Nf5 Re8 30. Nxe3 Rxe3 31. Nd1 Re2 32. Bxg6 fxg6 33. Nc3 Re3
34. Rc1 Kf7 35. Kg1 g5 36. Kf2 g4 37. Ne2 g5 38. Rc3 Re8 39. a3 a5 40. Nc1 Kf6
41. Nd3 Rc8 42. b4 cxb4 43. axb4 axb4 44. Nxb4 Ke5 45. Nc2 Bf5 1/2-1/2

[Event "España ch 2008 sub 18"]
[Site "Padrón ESP"]
[Date "2008.08.01"]
[Round "8.14"]
[White "Sanchez-Alarcos Galian, Victor"]
[Black "Marcos Pinto, Luis"]
[Result "1-0"]
[WhiteElo "2026"]
[BlackElo "2115"]
[PlyCount "83"]
[EventDate "2008.07.27"]
[EventType "swiss"]
[EventRounds "9"]
[EventCountry "ESP"]
[Source "lmi"]
[SourceDate "2008.07.27"]

1. d4 Nf6 2. Nf3 g6 3. Bf4 Bg7 4. e3 c5 5. c3 b6 6. h3 O-O 7. Be2 Bb7 8. Nbd2
d6 9. O-O Nbd7 10. a4 Rc8 11. Qb3 e5 12. Bh2 Qe7 13. Nc4 Ne8 14. dxe5 dxe5 15.
Rfd1 e4 16. Nfd2 Bc6 17. Nf1 Ne5 18. Nxe5 Bxe5 19. Bxe5 Qxe5 20. Ba6 Rb8 21.
Rd2 Nc7 22. Bb5 Bd5 23. Bc4 Bxc4 24. Qxc4 a6 25. Ng3 Rbe8 26. Rd7 Re7 27. Rxe7
Qxe7 28. Qxe4 Qxe4 29. Nxe4 Rd8 30. a5 b5 31. Nxc5 Rd2 32. b4 Kf8 33. Kf1 Ke8
34. Rc1 Rb2 35. Rd1 Rc2 36. Rd3 h5 37. h4 Ra2 38. g3 Rc2 39. Kg2 Rc1 40. Kf3
Rc2 41. e4 Rc1 42. Kf4 1-0

[Event "España ch 2008 sub 18"]
[Site "Padrón ESP"]
[Date "2008.08.01"]
[Round "8.15"]
[White "Rodrigo Yanguas, Maria"]
[Black "Mestre Bellido, Hector"]
[Result "0-1"]
[WhiteElo "1999"]
[BlackElo "2284"]
[PlyCount "54"]
[EventDate "2008.07.27"]
[EventType "swiss"]
[EventRounds "9"]
[EventCountry "ESP"]
[Source "lmi"]
[SourceDate "2008.07.27"]

1. e4 b6 2. d4 Bb7 3. Bd3 e6 4. Be3 d5 5. e5 Ba6 6. Nf3 c5 7. c3 Bxd3 8. Qxd3
Nc6 9. O-O Qd7 10. Nbd2 f6 11. Rfe1 fxe5 12. Nxe5 Nxe5 13. dxe5 Ne7 14. g4 Nc6
15. f4 O-O-O 16. a4 Kb8 17. Qb5 Be7 18. a5 Qb7 19. b4 d4 20. cxd4 cxd4 21. Bf2
Bxb4 22. Rec1 Bxa5 23. Nc4 Rd5 24. Qa4 Bb4 25. Nxb6 Ra5 26. Qxa5 Nxa5 27. Na4
Nb3 0-1

[Event "España ch 2008 sub 18"]
[Site "Padrón ESP"]
[Date "2008.08.01"]
[Round "8.16"]
[White "Jimenez Capilla, Jose Alfonso"]
[Black "Herrera Reyes, Jose Antonio"]
[Result "0-1"]
[WhiteElo "2033"]
[BlackElo "2145"]
[PlyCount "40"]
[EventDate "2008.07.27"]
[EventType "swiss"]
[EventRounds "9"]
[EventCountry "ESP"]
[Source "lmi"]
[SourceDate "2008.07.27"]

1. d4 d5 2. Nf3 c6 3. e3 Nf6 4. Nbd2 Bg4 5. c4 e6 6. Qb3 Qc7 7. Ne5 Bh5 8. cxd5
exd5 9. Bd3 Bd6 10. f4 O-O 11. O-O c5 12. Bb1 cxd4 13. exd4 Nc6 14. Nxc6 bxc6
15. g3 c5 16. Nf3 cxd4 17. Kg2 Rfe8 18. Bd3 Rab8 19. Qd1 Ng4 20. b3 Qc3 0-1

[Event "España ch 2008 sub 18"]
[Site "Padrón ESP"]
[Date "2008.08.01"]
[Round "8.17"]
[White "Galan Martin, Pedro Juan"]
[Black "Ribas Gomez, Diego"]
[Result "0-1"]
[WhiteElo "2114"]
[BlackElo "1996"]
[PlyCount "114"]
[EventDate "2008.07.27"]
[EventType "swiss"]
[EventRounds "9"]
[EventCountry "ESP"]
[Source "lmi"]
[SourceDate "2008.07.27"]

1. e4 c5 2. Nf3 d6 3. d4 cxd4 4. Nxd4 Nf6 5. Nc3 Nc6 6. Be2 e6 7. O-O a6 8. Be3
Be7 9. Kh1 O-O 10. f4 Bd7 11. Nb3 b5 12. a3 Bc8 13. Bf3 Bb7 14. Rf2 Nd7 15. Qf1
Nb6 16. Bxb6 Qxb6 17. Rd2 Rad8 18. a4 b4 19. a5 Qc7 20. Nd1 Bf6 21. Qc4 Rd7 22.
Rb1 Rc8 23. Ne3 Qd8 24. Ng4 Be7 25. Rbd1 Nxa5 26. Qd4 Nc4 27. Rd3 Qb6 28. Ne5
Rdc7 29. Nxc4 Qxd4 30. Rxd4 Rxc4 31. Na5 Rxd4 32. Rxd4 Rxc2 33. Nxb7 Rxb2 34.
h3 g6 35. Na5 Bd8 36. Nc4 Rb1+ 37. Rd1 Rxd1+ 38. Bxd1 Bc7 39. g3 Kf8 40. Kg2
Ke7 41. Kf3 d5 42. exd5 exd5 43. Ne3 Kd6 44. Bb3 d4 45. Nc2 Kc5 46. Ke4 g5 47.
Nxd4 gxf4 48. gxf4 Bxf4 49. Kxf4 Kxd4 50. h4 Kc3 51. Ba2 b3 52. Bb1 a5 53. h5
a4 54. h6 a3 55. Bxh7 a2 56. Bg6 a1=Q 57. h7 Kb4 0-1

[Event "España ch 2008 sub 18"]
[Site "Padrón ESP"]
[Date "2008.08.01"]
[Round "8.18"]
[White "Juez Villar, Erik"]
[Black "Guadamuro Torrente, Anabel"]
[Result "0-1"]
[WhiteElo "1912"]
[BlackElo "2105"]
[PlyCount "160"]
[EventDate "2008.07.27"]
[EventType "swiss"]
[EventRounds "9"]
[EventCountry "ESP"]
[Source "lmi"]
[SourceDate "2008.07.27"]

1. d4 d5 2. c4 c6 3. Nf3 Nf6 4. e3 a6 5. h3 e6 6. Nc3 Nbd7 7. Qc2 dxc4 8. Bxc4
b5 9. Bb3 c5 10. a3 Bb7 11. Qe2 Be7 12. O-O O-O 13. Rd1 Qb6 14. e4 cxd4 15.
Nxd4 Bc5 16. Nf3 Rfd8 17. Bf4 Nf8 18. Bg5 Rxd1+ 19. Rxd1 Ne8 20. Ba2 h6 21. Bh4
Ng6 22. Bg3 Nf6 23. Ne5 Nxe5 24. Bxe5 Be7 25. Bd4 Qc6 26. Bb1 Rd8 27. Be3 Rxd1+
28. Qxd1 a5 29. f3 b4 30. axb4 axb4 31. Ne2 e5 32. Qc2 Qe6 33. Nc1 Nh5 34. Ba2
Qd6 35. Qc4 Qf6 36. Qc7 Ba6 37. Bc4 Bxc4 38. Qxc4 Nf4 39. Qc8+ Kh7 40. b3 Qg5
41. Qf5+ Qxf5 42. exf5 Nd5 43. Ba7 h5 44. Nd3 f6 45. g4 hxg4 46. hxg4 Kg8 47.
Kf2 Kf7 48. Ne1 Ke8 49. Ng2 Kd7 50. Ke2 Kc6 51. Kd3 Kb5 52. Ne3 Nf4+ 53. Ke4
Ne2 54. Nf1 Nc1 55. Nd2 Bc5 56. Bxc5 Kxc5 57. g5 Ne2 58. Nf1 Nc3+ 59. Kd3 fxg5
60. Ng3 Kd5 61. Nh5 e4+ 62. fxe4+ Nxe4 63. Nxg7 Nc5+ 64. Ke3 Ke5 65. Ne8 Nxb3
66. f6 Nc5 67. Nc7 b3 68. f7 Nd7 69. Kd2 g4 70. Nb5 g3 71. Ke3 b2 72. Na3 Ke6
73. Kf3 Kxf7 74. Kxg3 Ke6 75. Kf4 Kd5 76. Ke3 Kc5 77. Kd3 Kb4 78. Nb1 Kb3 79.
Nd2+ Ka2 80. Kc2 Nc5 0-1

[Event "España ch 2008 sub 18"]
[Site "Padrón ESP"]
[Date "2008.08.01"]
[Round "8.19"]
[White "Pintor Munoz, Antonio"]
[Black "Rodriguez Lorenzo, Yadira"]
[Result "1/2-1/2"]
[WhiteElo "2076"]
[BlackElo "1984"]
[PlyCount "203"]
[EventDate "2008.07.27"]
[EventType "swiss"]
[EventRounds "9"]
[EventCountry "ESP"]
[Source "lmi"]
[SourceDate "2008.07.27"]

1. d4 Nf6 2. c4 e5 3. dxe5 Ng4 4. Nf3 Bc5 5. e3 Nc6 6. Nc3 O-O 7. Be2 Ngxe5 8.
Nxe5 Nxe5 9. O-O a5 10. Na4 Qe7 11. Nxc5 Qxc5 12. Qd4 Qe7 13. b3 Nc6 14. Qc3
Qe5 15. Bb2 Qxc3 16. Bxc3 Re8 17. a3 a4 18. b4 d6 19. Rfc1 Ne5 20. Bd4 Bf5 21.
h3 Bd3 22. Bxd3 Nxd3 23. Rc3 Ne5 24. Rd1 Rad8 25. Bxe5 Rxe5 26. c5 d5 27. c6 b6
28. b5 d4 29. Rcd3 Rxb5 30. Rxd4 Rxd4 31. Rxd4 g6 32. Rd7 Rb3 33. Rxc7 Rxa3 34.
Rb7 Rc3 35. Rxb6 a3 36. Ra6 Kg7 37. g4 a2 38. Rxa2 Rxc6 39. f4 h6 40. e4 Rc4
41. Re2 g5 42. f5 Ra4 43. e5 Rb4 44. Kg2 Ra4 45. Kf3 Rf4+ 46. Kg3 Rb4 47. Re3
Ra4 48. Kf3 Rf4+ 49. Ke2 Rd4 50. Rf3 Re4+ 51. Re3 Rd4 52. Kf2 Rb4 53. Rf3 Re4
54. f6+ Kg6 55. Re3 Ra4 56. Ke2 Rb4 57. Kd3 Ra4 58. Rf3 Rb4 59. Rf2 Rb6 60. Kc4
Re6 61. Kd5 Ra6 62. Rf3 Ra5+ 63. Kd6 Ra6+ 64. Kd7 Ra7+ 65. Kc6 Ra6+ 66. Kb5 Ra8
67. Kb6 Re8 68. Re3 Re6+ 69. Kc5 Ra6 70. Rb3 Re6 71. Kd4 Re8 72. Rb7 Rd8+ 73.
Kc5 Rd3 74. Rb8 Kh7 75. Rf8 Rd7 76. Kb6 Kg6 77. Rg8+ Kh7 78. Rg7+ Kh8 79. Kc6
Ra7 80. Kd6 Rb7 81. Kc6 Ra7 82. Kc5 Rc7+ 83. Kd4 Ra7 84. e6 Ra4+ 85. Kc5 fxe6
86. Kd6 Ra6+ 87. Ke5 Rb6 88. Rg6 Kh7 89. f7 Rb5+ 90. Kxe6 Rb6+ 91. Kd5 Rb5+ 92.
Kc6 Rb8 93. Rf6 Kg7 94. Rf5 Rf8 95. Kd6 Rxf7 96. Rxf7+ Kxf7 97. Kd7 Kf6 98. Ke8
Ke6 99. Kf8 Kf6 100. Kg8 Kg6 101. Kh8 h5 102. gxh5+ 1/2-1/2

[Event "España ch 2008 sub 18"]
[Site "Padrón ESP"]
[Date "2008.08.01"]
[Round "8.20"]
[White "Jimenez Serna, Alvaro"]
[Black "Ladron De Guevara Pinto, Fermin"]
[Result "1/2-1/2"]
[WhiteElo "1947"]
[BlackElo "2074"]
[PlyCount "99"]
[EventDate "2008.07.27"]
[EventType "swiss"]
[EventRounds "9"]
[EventCountry "ESP"]
[Source "lmi"]
[SourceDate "2008.07.27"]

1. d4 e6 2. c4 f5 3. Nc3 Nf6 4. Nf3 Be7 5. g3 d6 6. Bg2 O-O 7. O-O Ne4 8. Qd3
Nxc3 9. Qxc3 Bf6 10. Be3 Nc6 11. Rfd1 Qe8 12. Qc2 e5 13. dxe5 dxe5 14. Rd2 Qh5
15. Rad1 Be6 16. Ne1 g5 17. Bd5 Qf7 18. a3 f4 19. Bc5 Nd4 20. Rxd4 exd4 21.
Bxf8 Bxd5 22. cxd5 Rxf8 23. Qe4 Re8 24. Qf3 fxg3 25. hxg3 Bg7 26. Kf1 Qg6 27.
Kg2 Rf8 28. Qb3 Qe4+ 29. Kg1 Qxe2 30. Nd3 Kh8 31. Re1 Qf3 32. Qc2 Qf7 33. Qc4
c6 34. Qc2 cxd5 35. Re2 h5 36. Ne5 Bxe5 37. Rxe5 Qg7 38. Rxd5 Re8 39. Qd2 Rg8
40. Rxd4 h4 41. Rd7 Qg6 42. Qd4+ Rg7 43. Rxg7 Qxg7 44. Qd8+ Kh7 45. Kg2 hxg3
46. Qd3+ Kh6 47. Qd6+ Kh7 48. Qxg3 Qxb2 49. Qxg5 Qxa3 50. Qf5+ 1/2-1/2

[Event "España ch 2008 sub 18"]
[Site "Padrón ESP"]
[Date "2008.08.01"]
[Round "8.21"]
[White "Marrero Falcon, Hector"]
[Black "Arce Calva, Elvira"]
[Result "0-1"]
[WhiteElo "2044"]
[BlackElo "1876"]
[PlyCount "98"]
[EventDate "2008.07.27"]
[EventType "swiss"]
[EventRounds "9"]
[EventCountry "ESP"]
[Source "lmi"]
[SourceDate "2008.07.27"]

1. c4 c5 2. Nc3 Nc6 3. Nf3 Nf6 4. d4 cxd4 5. Nxd4 g6 6. e4 Bg7 7. Be3 O-O 8.
Be2 d6 9. O-O a6 10. f3 Bd7 11. Qd2 Rb8 12. Rfc1 Qa5 13. a3 Rfc8 14. b4 Qd8 15.
Nxc6 Bxc6 16. Rc2 b5 17. c5 dxc5 18. Qxd8+ Rxd8 19. Bxc5 e6 20. Rf1 Rb7 21. a4
Nd7 22. Be7 Re8 23. Bd6 Bd4+ 24. Kh1 e5 25. Nb1 Rb6 26. a5 Bxe4 27. axb6 Bxc2
28. Na3 Bb3 29. b7 Bd5 30. Rc1 Bxb7 31. g3 Rc8 32. Rxc8+ Bxc8 33. Nc2 Bc3 34.
Ne3 Bb7 35. Kg2 Kg7 36. Ng4 f5 37. Nf2 Kf6 38. Bd3 Ke6 39. Bc7 Bxb4 40. Bc2 Nc5
41. Bb1 Bd5 42. Nd1 e4 43. Ne3 exf3+ 44. Kg1 Bb3 45. g4 Ne4 46. Bd3 Bc5 47.
gxf5+ gxf5 48. Bf4 Bc4 49. Bxe4 fxe4 0-1

[Event "España ch 2008 sub 18"]
[Site "Padrón ESP"]
[Date "2008.08.01"]
[Round "8.22"]
[White "Perez Castellano, Susana"]
[Black "Hernandez Leon, Sergio"]
[Result "0-1"]
[WhiteElo "1857"]
[BlackElo "2042"]
[PlyCount "58"]
[EventDate "2008.07.27"]
[EventType "swiss"]
[EventRounds "9"]
[EventCountry "ESP"]
[Source "lmi"]
[SourceDate "2008.07.27"]

1. e4 c5 2. Nf3 Nf6 3. Nc3 d6 4. d4 cxd4 5. Nxd4 a6 6. Be2 e5 7. Nb3 Be7 8. Bg5
Be6 9. O-O O-O 10. Qd2 Nbd7 11. f4 b5 12. f5 Bc4 13. Bxf6 Nxf6 14. Qe3 Rc8 15.
Bxc4 bxc4 16. Nd2 d5 17. Na4 c3 18. bxc3 Qa5 19. exd5 Qxa4 20. Qxe5 Bc5+ 21.
Kh1 Rfe8 22. Qg3 Re3 23. Qg5 h6 24. Qf4 Qxf4 25. Rxf4 Rxc3 26. Ra4 Rxc2 27. Nb3
Nxd5 28. Re1 Bf2 29. Rd1 Nc3 0-1